A mathematical approach to comparing environmental and economic goals in dairy farming on sandy soils in the Netherlands
Gardado en:
| Autor Principal: | |
|---|---|
| Formato: | Libro |
| Idioma: | Undetermined |
| Publicado: |
Wageningen
Landbouwuniversiteit te Wageningen
1996
|
| Những chủ đề: | |
| Các nhãn: |
Engadir etiqueta
Sen Etiquetas, Sexa o primeiro en etiquetar este rexistro!
|
| Thư viện lưu trữ: | Trung tâm Học liệu Trường Đại học Cần Thơ |
|---|
| LEADER | 00630nam a2200181Ia 4500 | ||
|---|---|---|---|
| 001 | CTU_44155 | ||
| 008 | 210402s9999 xx 000 0 und d | ||
| 082 | |a 636.08842 | ||
| 082 | |b V447 | ||
| 100 | |a van de Ven, G.W.J. | ||
| 245 | 2 | |a A mathematical approach to comparing environmental and economic goals in dairy farming on sandy soils in the Netherlands | |
| 245 | 0 | |c G.W.J. van de Ven | |
| 260 | |a Wageningen | ||
| 260 | |b Landbouwuniversiteit te Wageningen | ||
| 260 | |c 1996 | ||
| 650 | |a dairy cattle,dairy farming | ||
| 904 | |i Nguyễn Quang Điền, 010911 | ||
| 980 | |a Trung tâm Học liệu Trường Đại học Cần Thơ | ||